A bibliographical survey of groups with two generators and their relations.

Guardado en:
Autor Principal: Davis, Constance.
Formato: Libro
Idioma:English
Publicado: [New York] : Courant Institute of Mathematical Sciences, 1972.
Materias:
Etiquetas: Agregar Etiqueta
Sin Etiquetas, Sea el primero en etiquetar este registro!
LEADER 00615cam a2200181 a 4500
001 MAT.inmabb005855
008 720531s1972####nyu######b####000#0#eng##
005 20130304095009.0
245 1 2 |a A bibliographical survey of groups with two generators and their relations. 
260 |a [New York] :  |b Courant Institute of Mathematical Sciences,  |c 1972. 
300 |a viii, 353 p. ;  |c 28 cm. 
510 4 |a MR,  |c 54 #410 
100 1 |a Davis, Constance. 
650 0 |a Group theory  |x Relations  |x Bibliography. 
084 |a 20F05 (00A15)  |2 msc2000 
010 |a  72183662  
040 |a DLC  |c DLC  |d DLC 
859 |h 20  |i D261  |p A-4441  |b BIB. MATEMATICA